Poruchy a rekonštrukcie nosných sústav životnosť, poruchy a rekonštrukcie nosných betónových a murovaných konštrukcií

Bibliographic Details
Main Authors: Bilčík, Juraj, 1947- (Author), Cesnak, Ján, 1936- (Author)
Format: Book
Language:Slovak
PhysicalDescription:148 s. Sch., tab. 29 cm
Published: Bratislava Slovenská technická univerzita 1995
ISBN:802270816X
Edition:1. vyd., 1. dotl.
Series:Edícia skrípt
Subjects:

MARC

LEADER 00000nam a2200000 a 4500
001 vtls001151102
003 SK-MaSNL
005 20260301154005.0
008 251113s1995 xo ap r yy slo
015 |a SNBA1996/0400900 
020 |a 802270816X  |c 22,00 Sk (100 výt.) 
035 |a SNK000093970 
035 |a urn:nbn:sk:snk-amljh9 
035 |a urn:nbn:sk:snk-am00bpy8 
035 |a 526A0B97-F4F0-4B63-9633-E3445EB141BB 
040 |a SNK  |b slo  |c SNK  |e AACR2 
041 0 |a slo 
044 |a xo  |c SK 
080 |a 624.012(075.8)  |2 1981 
080 |a 624.07(075.8)  |2 1981 
100 1 |a Bilčík, Juraj,  |d 1947-  |4 aut  |9 201774 
245 1 0 |a Poruchy a rekonštrukcie nosných sústav  |b životnosť, poruchy a rekonštrukcie nosných betónových a murovaných konštrukcií  |c Juraj Bilčík, Ján Cesnak 
250 |a 1. vyd., 1. dotl. 
260 |a Bratislava  |b Slovenská technická univerzita  |c 1995 
300 |a 148 s.  |b Sch., tab.  |c 29 cm 
490 1 |a Edícia skrípt 
504 |a Bibliogr. s. 147-148 
650 0 7 |a betónové konštrukcie  |2 SNK  |9 1686 
650 0 7 |a konštrukcie murované  |2 SNK  |9 516237 
650 0 7 |a konštrukcie nosné  |2 SNK  |9 516238 
655 7 |a Textbooks (higher)  |2 SNKPHeng  |9 276436 
655 7 |a učebnice vysokých škôl  |2 SNKPH  |9 70191 
700 1 |a Cesnak, Ján,  |d 1936-  |4 aut  |9 24547 
830 0 |a Edícia skrípt  |9 281581 
919 |a 80-227-0816-X 
958 0 7 |a RM 
958 0 7 |a UV 
958 0 7 |a NB 
999 |c 795229  |d 797159 
952 |t P60, <09>, [BOOK], {629}  |a SNK  |b SNK  |y NEVYP  |7 0  |o snkB 141  |i snk452/960125  |0 0  |1 0  |4 0  |d 1996-01-24  |l 0  |r 2005-01-01 00:00:00  |w 2026-02-24 
952 |t P60, <03>, [BOOK], {603}  |a SNK  |b SNK  |y PREZ  |7 0  |p 17A0004639  |o snkSB 55012  |i snkKSP 01129/96  |0 0  |1 0  |4 0  |d 1996-01-24  |f 1  |l 0  |r 2025-03-28 00:00:00  |w 2026-02-24 
952 |t P60, <04>, [BOOK], {604}  |a SNK  |b SNK  |y VYP  |7 0  |p 17A0004361  |o snkSB 55012 D1  |i snkKSP 01130/96  |0 0  |1 0  |4 0  |d 1996-01-24  |l 0  |r 2005-01-01 00:00:00  |w 2026-02-24